00828nam a2200229Ia 4500003000900000008004100009020001800050040001600068080001300084100002000097245017300117250001200290260003300302300001800335650004100353650003300394650001100427700002100438942000700459999001500466952011700481IN-BaIIA211028s9999 xx 000 0 eng d a0-08-026481-6 cIIA Library a535bBOR aBorn, Max91579 0aPrinciples of opticsbelectromagnetic theory of propagation, interference and diffraction of lightcMax Born and Emil Wolf  a6th ed. aOxfordbPergamon Pressc1984 axxviii, 808p. aAstronomy and astrophysics thesaurus aElectromagnetic theory92899 aOptics aWolf, Emil93520 cBK c8591d8591 00104070aBANbBANcGENd1986-01-08g709.50l0o535/ BORp9460r2021-11-05v709.50w1986-01-08yBKGRs. 709.50